000 01719nam a2200277 a 4500
001 39634
003 BD-RjUL
005 20211209053030.0
008 160413s1998 bg a|||| |||| 00| 0 ben d
020 _a9844940087
_c: TK. 100.00
035 _a(BD-RjUL)39747
040 _aBD-RjUL
_bben
_cBD-RjUL
041 _aben
082 _223
_a363.7288
_bCHA 1998
245 0 0 _aচামড়া শিল্প :
_bপরিবেশ দূষণ ও দূষণ মাত্রা কমানোর উপায় /
_cরিপোর্ট প্রণয়ন এফ এম এ সালাম, শাহ্ মোঃ রেদোয়ান বিল্লাহ ; সম্পাদনা ফিলিপ গাইন, শিশির মোড়ল
260 _aঢাকা :
_bসোসাইটি ফর এনভায়রনমেন্ট এন্ড হিউম্যান ডেভেলপমেন্ট,
_c১৯৯৮
300 _a[৮], ৬৮ পৃ. :
_bচিত্র ;
_c২১ সেমি.
500 _aতথ্যসূত্র সংযুক্ত
650 _aচামড়া শিল্প ও বানিজ্য
_xপরিবেশগত
_zবাংলাদেশ
_zঢাকা
_9122094
650 _aLeather industry and trade
_xEnvironmental aspects
_zBangladesh
_zDhaka
_9122095
700 _aসালাম, এফ এম এ, প্রতিবেদক
_9122053
700 _aবিল্লাহ, শাহ্ মোঃ রেদোয়ান, প্রতিবেদক
_9122054
700 _aগাইন, ফিলিপ, সম্পাদক
_9122055
700 _aমোড়ল, শিশির, সম্পাদক
_9122056
942 _2ddc
_cBK
999 _c39634
_d39634